| 000 | 01209nam a22002897a 4500 | ||
|---|---|---|---|
| 005 | 20240530110546.0 | ||
| 008 | 160117s2013 ua ao g b 000 0 ara d | ||
| 017 |
_a2012/10655 _bمصر . دار الكتب المصرية |
||
| 020 | _a9789774382995 | ||
| 040 | _aEG-CaGPL | ||
| 082 | 0 | 4 |
_221 _a551.48\ _bر م |
| 100 | 0 | _aرائد راكان قاسم الجوارى | |
| 245 | 1 | 2 |
_aالماء و الارض و الحياة بين الاعجاز العلمى فى القران الكريم و المعارف الجغرافية الحديثة : _b( دراسة مقارنة فى الفكر الجغرافى ) / _cتاليف رائد راكان قاسم الجوارى |
| 250 | _aط1 | ||
| 260 |
_aالاسكندرية : _bالمكتب الجامعى الحديث ، _c2013 . |
||
| 300 |
_a288 ص : _bصور ؛ _e24 سم . |
||
| 504 | _aيشتمل على ارجاعات ببليوجرافية | ||
| 650 | 0 | 4 | _aالمناخ |
| 650 | 0 | 4 | _aالارض |
| 650 | 0 | 4 | _aالطقس |
| 650 | 0 | 4 | _aالاعجاز العلمى للقران |
| 650 | 0 | 4 | _aالامطار |
| 650 | 0 | 4 | _aالماء |
| 650 | 0 | 4 | _aالاحزمة المناخية |
| 942 |
_2ddc _cBK |
||
| 999 |
_c62354 _d62354 |
||